[Event "21st Sants Open 2019"]
[Site "Cotxeres de Sants"]
[Date "2019.08.26"]
[Round "4.11"]
[White "Mieles Palau, Daniel"]
[Black "Idani, Pouya"]
[Result "0-1"]
[WhiteElo "2384"]
[BlackElo "2581"]
[Annotator "ChessBase"]
[PlyCount "52"]
[EventDate "2019.08.22"]
[EventType "swiss"]
[EventCountry "ESP"]
[SourceTitle "playchess.com"]
[Source "ChessBase"]
[SourceQuality "1"]
[TimeControl "40/5400+30:1800+30"]

1. c4 {[%emt 0:00:00]} c5 {[%emt 0:00:00]} 2. Nc3 {[%emt 0:00:10]} g6 {[%emt 0:00:00]} 3. g3 {[%emt 0:01:25]} Bg7 {[%emt 0:00:00]} 4. Bg2 {[%emt 0:00:05]} Nc6 {[%emt 0:00:00]} 5. Nf3 {[%emt 0:00:14]} d6 {[%emt 0:00:00]} 6. O-O {[%emt 0:00:05]} e6 {[%emt 0:00:06]} 7. e3 {[%emt 0:01:28]} Nge7 {[%emt 0:00:05]} 8. d4 {[%emt 0:00:04]} O-O {[%emt 0:00:04]} 9. Re1 {[%emt 0:00:20]} Rb8 {[%emt 0:03:31]} 10. b3 {[%emt 0:01:50]} Nf5 {[%emt 0:00:37]} 11. Ne2 {[%emt 0:01:53]} e5 {[%emt 0:17:45]} 12. dxe5 {[%emt 0:10:09]} dxe5 {[%emt 0:00:56]} 13. Rb1 {[%emt 0:00:12]} Nd6 {[%emt 0:07:53]} 14. Ng5 {[%emt 0:27:11]} Qe7 {[%emt 0:16:22]} 15. Ba3 {[%emt 0:14:44]} Qxg5 {[%emt 0:10:11]} 16. Bxc6 {[%emt 0:13:43]} bxc6 {[%emt 0:00:16]} 17. Qxd6 {[%emt 0:01:02]} Bf5 {[%emt 0:01:05]} 18. Qxc6 {[%emt 0:01:25]} Bxb1 {[%emt 0:02:46]} 19. Rxb1 {[%emt 0:00:05]} Rbc8 {[%emt 0:05:10]} 20. Qf3 {[%emt 0:01:12]} f5 {[%emt 0:01:18]} 21. Rd1 {[%emt 0:04:49]} e4 {[%emt 0:06:21]} 22. Qf4 {[%emt 0:02:00]} Qh5 {[%emt 0:07:13]} 23. g4 {[%emt 0:00:04]} fxg4 {[%emt 0:00:16]} 24. Qxe4 {[%emt 0:00:05]} g3 {[%emt 0:00:26]} 25. Qd5+ {[%emt 0:03:24]} Qxd5 {[%emt 0:01:19]} 26. cxd5 {[%emt 0:00:06]} Rxf2 {[%emt 0:00:06]} 0-1

[Event "21st Sants Open 2019"]
[Site "Cotxeres de Sants"]
[Date "2019.08.26"]
[Round "4.13"]
[White "Antova, Gabriela"]
[Black "Santos Latasa, Jaime"]
[Result "0-1"]
[WhiteElo "2270"]
[BlackElo "2586"]
[Annotator "ChessBase"]
[PlyCount "156"]
[EventDate "2019.08.22"]
[EventType "swiss"]
[EventCountry "ESP"]
[SourceTitle "playchess.com"]
[Source "ChessBase"]
[SourceQuality "1"]
[TimeControl "40/5400+30:1800+30"]

1. e4 {[%emt 0:00:00]} c5 {[%emt 0:00:00]} 2. Nf3 {[%emt 0:00:00]} Nc6 {[%emt 0:00:00]} 3. d4 {[%emt 0:00:00]} cxd4 {[%emt 0:00:00]} 4. Nxd4 {[%emt 0:00:00]} Nf6 {[%emt 0:00:01]} 5. Nc3 {[%emt 0:00:06]} d6 {[%emt 0:00:04]} 6. Bg5 {[%emt 0:06:12]} e6 {[%emt 0:00:20]} 7. Qd2 {[%emt 0:00:12]} a6 {[%emt 0:00:08]} 8. O-O-O {[%emt 0:01:22]} Be7 {[%emt 0:00:18]} 9. f4 {[%emt 0:07:50]} Bd7 {[%emt 0:00:16]} 10. Be2 {[%emt 0:07:14]} Qc7 {[%emt 0:04:15]} 11. Rhe1 {[%emt 0:07:06]} O-O {[%emt 0:01:03]} 12. g4 {[%emt 0:02:51]} b5 {[%emt 0:06:53]} 13. Bf3 {[%emt 0:04:14]} Rac8 {[%emt 0:05:21]} 14. Kb1 {[%emt 0:09:46]} Nxd4 {[%emt 0:04:18]} 15. Qxd4 {[%emt 0:00:05]} Bc6 {[%emt 0:00:12]} 16. Ne2 {[%emt 0:06:40]} Bb7 {[%emt 0:07:21]} 17. Qd3 {[%emt 0:01:15]} Rfd8 {[%emt 0:00:33]} 18. Bxf6 {[%emt 0:06:10]} Bxf6 {[%emt 0:00:22]} 19. g5 {[%emt 0:00:06]} Be7 {[%emt 0:00:03]} 20. h4 {[%emt 0:00:33]} Qc4 {[%emt 0:00:17]} 21. Nd4 {[%emt 0:02:27]} Qxd3 {[%emt 0:00:20]} 22. Rxd3 {[%emt 0:01:03]} Rc5 {[%emt 0:06:28]} 23. c3 {[%emt 0:04:27]} Re8 {[%emt 0:00:32]} 24. Nb3 {[%emt 0:06:07]} Rc7 {[%emt 0:00:54]} 25. f5 {[%emt 0:04:41]} Bf8 {[%emt 0:00:36]} 26. Rde3 {[%emt 0:04:18]} Rce7 {[%emt 0:02:34]} 27. f6 {[%emt 0:06:18]} Rc7 {[%emt 0:00:23]} 28. Rd3 {[%emt 0:03:22]} Kh8 {[%emt 0:05:54]} 29. a3 {[%emt 0:01:59]} Bc8 {[%emt 0:05:19]} 30. Kc2 {[%emt 0:01:22]} Bd7 {[%emt 0:00:44]} 31. Bh5 {[%emt 0:00:29]} Bc6 {[%emt 0:00:35]} 32. Nd4 {[%emt 0:01:06]} Ba8 {[%emt 0:00:16]} 33. Nb3 {[%emt 0:00:20]} Rb8 {[%emt 0:03:06]} 34. Kd2 {[%emt 0:00:37]} gxf6 {[%emt 0:03:09]} 35. gxf6 {[%emt 0:00:14]} Bh6+ {[%emt 0:00:04]} 36. Kc2 {[%emt 0:01:19]} Bf4 {[%emt 0:00:22]} 37. Nd4 {[%emt 0:01:20]} Be5 {[%emt 0:00:42]} 38. Nf3 {[%emt 0:00:29]} Bxf6 {[%emt 0:00:18]} 39. Rxd6 {[%emt 0:00:31]} a5 {[%emt 0:00:11]} 40. e5 {[%emt 0:00:00]} Bxf3 {[%emt 0:00:00]} 41. Bxf3 {[%emt 0:04:26]} Bxh4 {[%emt 0:01:58]} 42. Rh1 {[%emt 0:05:22]} Bg5 {[%emt 0:02:50]} 43. Ra6 {[%emt 0:06:17]} a4 {[%emt 0:07:27]} 44. Rc6 {[%emt 0:02:01]} Rd7 {[%emt 0:00:33]} 45. Rd1 {[%emt 0:08:04]} Rxd1 {[%emt 0:00:18]} 46. Bxd1 {[%emt 0:00:01]} Rd8 {[%emt 0:00:29]} 47. Rd6 {[%emt 0:00:08]} Rc8 {[%emt 0:02:55]} 48. Bh5 {[%emt 0:02:13]} Rc7 {[%emt 0:00:05]} 49. Rb6 {[%emt 0:00:41]} Kg7 {[%emt 0:00:15]} 50. Rxb5 {[%emt 0:00:43]} Rd7 {[%emt 0:00:07]} 51. Ra5 {[%emt 0:01:39]} Rd2+ {[%emt 0:00:11]} 52. Kb1 {[%emt 0:00:02]} Rh2 {[%emt 0:00:18]} 53. Bf3 {[%emt 0:01:20]} Rh3 {[%emt 0:01:34]} 54. Bc6 {[%emt 0:00:50]} Bf4 {[%emt 0:00:19]} 55. Rxa4 {[%emt 0:01:31]} Bxe5 {[%emt 0:00:53]} 56. Re4 {[%emt 0:01:00]} Bxc3 {[%emt 0:03:24]} 57. bxc3 {[%emt 0:00:06]} Rxc3 {[%emt 0:00:05]} 58. Rg4+ {[%emt 0:01:08]} Kf8 {[%emt 0:00:09]} 59. Ba4 {[%emt 0:02:29]} Rxa3 {[%emt 0:00:12]} 60. Bc2 {[%emt 0:00:09]} f5 {[%emt 0:00:24]} 61. Rh4 {[%emt 0:00:31]} Kg7 {[%emt 0:00:09]} 62. Kc1 {[%emt 0:00:11]} Kg6 {[%emt 0:00:17]} 63. Kd2 {[%emt 0:00:57]} h6 {[%emt 0:00:09]} 64. Rg4+ {[%emt 0:01:19]} Kf6 {[%emt 0:00:20]} 65. Rg1 {[%emt 0:00:51]} Rh3 {[%emt 0:00:29]} 66. Bd3 {[%emt 0:00:47]} Rh2+ {[%emt 0:01:08]} 67. Ke1 {[%emt 0:01:12]} h5 {[%emt 0:00:37]} 68. Rg8 {[%emt 0:00:39]} h4 {[%emt 0:00:10]} 69. Bc4 {[%emt 0:00:49]} Rc2 {[%emt 0:00:35]} 70. Bd3 {[%emt 0:00:37]} Rb2 {[%emt 0:00:06]} 71. Kf1 {[%emt 0:01:05]} Rb3 {[%emt 0:00:20]} 72. Bc4 {[%emt 0:00:22]} Rc3 {[%emt 0:00:07]} 73. Bb5 {[%emt 0:00:54]} e5 {[%emt 0:01:17]} 74. Bd7 {[%emt 0:00:37]} e4 {[%emt 0:00:28]} 75. Rf8+ {[%emt 0:01:37]} Ke7 {[%emt 0:00:08]} 76. Rxf5 {[%emt 0:00:01]} Kxd7 {[%emt 0:00:13]} 77. Rf4 {[%emt 0:00:26]} h3 {[%emt 0:00:07]} 78. Rxe4 {[%emt 0:00:12]} Rc1+ {[%emt 0:00:07]} 0-1

[Event "21st Sants Open 2019"]
[Site "Cotxeres de Sants"]
[Date "2019.08.26"]
[Round "4.14"]
[White "Harika, Dronavalli"]
[Black "Nogerbek, Kazybek"]
[Result "1/2-1/2"]
[WhiteElo "2495"]
[BlackElo "2375"]
[Annotator "ChessBase"]
[PlyCount "90"]
[EventDate "2019.08.22"]
[EventType "swiss"]
[EventCountry "ESP"]
[SourceTitle "playchess.com"]
[Source "ChessBase"]
[SourceQuality "1"]
[TimeControl "40/5400+30:1800+30"]

1. d4 {[%emt 0:00:30]} Nf6 {[%emt 0:00:00]} 2. c4 {[%emt 0:00:10]} e6 {[%emt 0:00:00]} 3. Nc3 {[%emt 0:00:07]} Bb4 {[%emt 0:00:49]} 4. Nf3 {[%emt 0:01:23]} O-O {[%emt 0:00:28]} 5. Bg5 {[%emt 0:01:28]} c5 {[%emt 0:00:15]} 6. Rc1 {[%emt 0:02:21]} h6 {[%emt 0:00:56]} 7. Bh4 {[%emt 0:07:05]} cxd4 {[%emt 0:00:40]} 8. Nxd4 {[%emt 0:00:08]} d5 {[%emt 0:00:09]} 9. cxd5 {[%emt 0:01:11]} g5 {[%emt 0:00:08]} 10. Bg3 {[%emt 0:00:04]} Qxd5 {[%emt 0:00:08]} 11. a3 {[%emt 0:00:12]} Bxc3+ {[%emt 0:01:38]} 12. bxc3 {[%emt 0:00:05]} Rd8 {[%emt 0:05:00]} 13. e3 {[%emt 0:11:25]} e5 {[%emt 0:15:04]} 14. Nf3 {[%emt 0:06:58]} Nc6 {[%emt 0:00:57]} 15. Qxd5 {[%emt 0:01:01]} Rxd5 {[%emt 0:00:19]} 16. a4 {[%emt 0:02:22]} Ne4 {[%emt 0:03:21]} 17. Bb5 {[%emt 0:00:31]} a6 {[%emt 0:03:13]} 18. c4 {[%emt 0:07:51]} Rc5 {[%emt 0:00:56]} 19. Bxc6 {[%emt 0:00:03]} bxc6 {[%emt 0:00:14]} 20. Bxe5 {[%emt 0:04:52]} g4 {[%emt 0:04:25]} 21. Bd4 {[%emt 0:01:32]} Rf5 {[%emt 0:00:11]} 22. Nh4 {[%emt 0:06:04]} Rxf2 {[%emt 0:00:53]} 23. Rf1 {[%emt 0:00:05]} Rxf1+ {[%emt 0:00:59]} 24. Kxf1 {[%emt 0:00:04]} c5 {[%emt 0:00:34]} 25. Be5 {[%emt 0:00:44]} Be6 {[%emt 0:00:10]} 26. Ke1 {[%emt 0:00:50]} Rd8 {[%emt 0:04:16]} 27. Rb1 {[%emt 0:01:13]} Bxc4 {[%emt 0:01:27]} 28. Nf5 {[%emt 0:00:55]} Be6 {[%emt 0:03:48]} 29. Ne7+ {[%emt 0:05:49]} Kh7 {[%emt 0:01:13]} 30. Rb8 {[%emt 0:00:45]} Rxb8 {[%emt 0:00:52]} 31. Bxb8 {[%emt 0:00:02]} c4 {[%emt 0:01:50]} 32. Be5 {[%emt 0:04:02]} c3 {[%emt 0:02:33]} 33. a5 {[%emt 0:05:59]} h5 {[%emt 0:05:29]} 34. Kd1 {[%emt 0:11:29]} Bb3+ {[%emt 0:02:17]} 35. Kc1 {[%emt 0:00:04]} c2 {[%emt 0:06:15]} 36. Nc6 {[%emt 0:00:06]} Nf2 {[%emt 0:04:00]} 37. Nb4 {[%emt 0:00:24]} Kg6 {[%emt 0:00:24]} 38. Bd4 {[%emt 0:03:59]} h4 {[%emt 0:02:48]} 39. e4 {[%emt 0:04:14]} Nxe4 {[%emt 0:03:09]} 40. Nxa6 {[%emt 0:00:00]} g3 {[%emt 0:00:00]} 41. h3 {[%emt 0:03:40]} Bd5 {[%emt 0:05:32]} 42. Nb4 {[%emt 0:00:57]} Ba8 {[%emt 0:00:21]} 43. Nxc2 {[%emt 0:04:46]} Bb7 {[%emt 0:05:32]} 44. Ne1 Nd6 {[%emt 0:04:40]} 45. Bb6 {[%emt 0:03:51]} Nc4 1/2-1/2

[Event "21st Sants Open 2019"]
[Site "Cotxeres de Sants"]
[Date "2019.08.26"]
[Round "4.15"]
[White "Recio Reyes, Sergio"]
[Black "Morais Carreras, Javier"]
[Result "0-1"]
[WhiteElo "1894"]
[BlackElo "1939"]
[Annotator "NA"]
[PlyCount "144"]
[EventDate "2019.08.22"]
[EventType "swiss"]
[EventCountry "ESP"]
[SourceTitle "playchess.com"]
[Source "ChessBase"]
[SourceQuality "1"]
[TimeControl "40/5400+30:1800+30"]

1. e4 {[%emt 0:00:00]} e5 {[%emt 0:00:00]} 2. Nf3 {[%emt 0:00:00]} Nf6 {[%emt 0:00:00]} 3. Nc3 {[%emt 0:00:56]} Bb4 {[%emt 0:00:00]} 4. Nxe5 {[%emt 0:01:28]} O-O {[%emt 0:01:20]} 5. Be2 {[%emt 0:01:31]} Re8 {[%emt 0:02:14]} 6. Nd3 {[%emt 0:00:13]} Bxc3 {[%emt 0:00:25]} 7. dxc3 {[%emt 0:00:08]} Nxe4 {[%emt 0:00:20]} 8. O-O {[%emt 0:00:30]} d5 {[%emt 0:02:33]} 9. Nf4 {[%emt 0:00:09]} c6 {[%emt 0:01:39]} 10. c4 {[%emt 0:07:14]} d4 {[%emt 0:04:49]} 11. Re1 {[%emt 0:02:53]} c5 {[%emt 0:08:55]} 12. Bd3 {[%emt 0:02:36]} Nf6 {[%emt 0:01:50]} 13. Bd2 {[%emt 0:01:18]} Bg4 {[%emt 0:01:26]} 14. f3 {[%emt 0:01:46]} Bd7 {[%emt 0:00:59]} 15. b4 {[%emt 0:05:52]} b6 {[%emt 0:10:41]} 16. Bf1 {[%emt 0:07:54]} Bc6 {[%emt 0:09:04]} 17. Nd3 {[%emt 0:03:28]} Nbd7 {[%emt 0:04:29]} 18. Bg5 {[%emt 0:02:09]} Rxe1 {[%emt 0:01:44]} 19. Qxe1 {[%emt 0:01:13]} Qf8 {[%emt 0:01:32]} 20. bxc5 {[%emt 0:05:32]} bxc5 {[%emt 0:02:27]} 21. Qa5 {[%emt 0:01:33]} Qd8 {[%emt 0:05:14]} 22. Qa3 {[%emt 0:10:51]} h6 {[%emt 0:02:46]} 23. Bxf6 Qxf6 {[%emt 0:00:59]} 24. Qa5 {[%emt 0:07:58]} Qd8 {[%emt 0:04:11]} 25. Qa3 {[%emt 0:08:26]} Qg5 {[%emt 0:08:16]} 26. Re1 {[%emt 0:03:09]} a5 {[%emt 0:03:43]} 27. f4 {[%emt 0:02:15]} Qf5 {[%emt 0:00:31]} 28. Ne5 {[%emt 0:06:45]} Re8 {[%emt 0:06:02]} 29. Qxa5 {[%emt 0:00:35]} Nxe5 {[%emt 0:00:30]} 30. Rxe5 {[%emt 0:00:42]} Rxe5 {[%emt 0:00:16]} 31. fxe5 {[%emt 0:00:10]} Qxe5 {[%emt 0:01:29]} 32. Qd8+ {[%emt 0:01:01]} Qe8 {[%emt 0:03:08]} 33. Qxe8+ {[%emt 0:02:52]} Bxe8 {[%emt 0:00:08]} 34. Kf2 {[%emt 0:01:09]} Bc6 {[%emt 0:00:39]} 35. Be2 {[%emt 0:03:25]} Kf8 {[%emt 0:00:55]} 36. Bf3 {[%emt 0:00:19]} Bd7 {[%emt 0:03:29]} 37. Ke2 {[%emt 0:04:31]} Ke7 {[%emt 0:00:45]} 38. Kd3 {[%emt 0:01:57]} Kd6 {[%emt 0:02:00]} 39. Bb7 {[%emt 0:00:39]} f5 {[%emt 0:03:16]} 40. c3 {[%emt 0:00:00]} dxc3 {[%emt 0:00:00]} 41. Kxc3 {[%emt 0:03:06]} Bc6 {[%emt 0:05:56]} 42. Bc8 {[%emt 0:10:26]} Ke5 {[%emt 0:00:23]} 43. g3 {[%emt 0:00:47]} Ke4 {[%emt 0:04:13]} 44. Be6 {[%emt 0:00:21]} g5 {[%emt 0:00:55]} 45. Kd2 {[%emt 0:03:43]} f4 {[%emt 0:07:09]} 46. gxf4 {[%emt 0:02:41]} gxf4 {[%emt 0:00:19]} 47. Ke2 {[%emt 0:05:12]} Bb7 {[%emt 0:00:27]} 48. a4 {[%emt 0:00:55]} Ke5 {[%emt 0:01:04]} 49. Bg4 {[%emt 0:01:17]} Kd4 {[%emt 0:01:59]} 50. Be6 {[%emt 0:01:08]} Kc3 {[%emt 0:02:43]} 51. Bd5 {[%emt 0:01:11]} Ba6 {[%emt 0:00:22]} 52. a5 {[%emt 0:01:01]} Kb4 {[%emt 0:01:12]} 53. Kf3 {[%emt 0:02:00]} Kxa5 {[%emt 0:00:07]} 54. Kxf4 {[%emt 0:00:07]} Kb4 {[%emt 0:00:19]} 55. Ke3 {[%emt 0:01:33]} Kc3 {[%emt 0:00:58]} 56. h4 {[%emt 0:00:36]} Bxc4 {[%emt 0:00:13]} 57. Be4 {[%emt 0:00:22]} Kb2 {[%emt 0:03:25]} 58. Kd2 {[%emt 0:00:31]} Bb3 {[%emt 0:00:10]} 59. Ke3 {[%emt 0:02:21]} c4 {[%emt 0:01:18]} 60. Kf4 {[%emt 0:00:23]} c3 {[%emt 0:00:17]} 61. Kg4 {[%emt 0:00:34]} Bd1+ {[%emt 0:00:10]} 62. Kf4 {[%emt 0:01:18]} h5 {[%emt 0:00:45]} 63. Kg5 {[%emt 0:00:39]} c2 {[%emt 0:00:21]} 64. Bxc2 {[%emt 0:00:19]} Kxc2 {[%emt 0:00:11]} 65. Kf4 {[%emt 0:00:03]} Kd3 {[%emt 0:00:18]} 66. Kg3 {[%emt 0:00:19]} Ke4 {[%emt 0:00:10]} 67. Kf2 {[%emt 0:00:25]} Kf4 {[%emt 0:00:19]} 68. Ke1 {[%emt 0:00:27]} Bb3 {[%emt 0:00:10]} 69. Kf2 {[%emt 0:00:08]} Kg4 {[%emt 0:00:11]} 70. Kg2 {[%emt 0:00:06]} Bd5+ {[%emt 0:00:15]} 71. Kh2 {[%emt 0:00:13]} Kxh4 {[%emt 0:00:11]} 72. Kg1 {[%emt 0:00:15]} Kg3 {[%emt 0:00:07]} 0-1

[Event "21st Sants Open 2019"]
[Site "Cotxeres de Sants"]
[Date "2019.08.26"]
[Round "4.16"]
[White "Rios Torondell, Jaume"]
[Black "Carmona Huertas, Juan Antonio"]
[Result "1-0"]
[WhiteElo "1891"]
[BlackElo "1930"]
[Annotator "NA"]
[PlyCount "133"]
[EventDate "2019.08.22"]
[EventType "swiss"]
[EventCountry "ESP"]
[SourceTitle "playchess.com"]
[Source "ChessBase"]
[SourceQuality "1"]
[TimeControl "40/5400+30:1800+30"]

1. g4 {[%emt 0:10:40]} d5 {[%emt 0:02:05]} 2. Bg2 {[%emt 0:00:39]} c6 {[%emt 0:00:11]} 3. h3 {[%emt 0:00:17]} e5 {[%emt 0:00:39]} 4. c4 {[%emt 0:03:01]} d4 {[%emt 0:05:21]} 5. d3 {[%emt 0:05:26]} Bd6 {[%emt 0:02:33]} 6. Nf3 {[%emt 0:00:53]} Ne7 {[%emt 0:00:35]} 7. O-O {[%emt 0:06:38]} h5 {[%emt 0:02:53]} 8. g5 {[%emt 0:05:02]} h4 {[%emt 0:02:47]} 9. Nbd2 {[%emt 0:03:35]} Nd7 {[%emt 0:08:57]} 10. Ne4 {[%emt 0:01:02]} Nf8 {[%emt 0:00:27]} 11. e3 {[%emt 0:08:51]} Ne6 {[%emt 0:00:41]} 12. exd4 {[%emt 0:02:08]} exd4 {[%emt 0:00:14]} 13. Nxd6+ {[%emt 0:01:02]} Qxd6 {[%emt 0:00:07]} 14. Re1 {[%emt 0:00:12]} Ng6 {[%emt 0:02:50]} 15. b4 {[%emt 0:04:36]} O-O {[%emt 0:18:57]} 16. c5 {[%emt 0:05:11]} Qc7 {[%emt 0:00:01]} 17. Re4 {[%emt 0:00:32]} Nef4 18. Bxf4 {[%emt 0:03:23]} Nxf4 {[%emt 0:06:33]} 19. Nxd4 {[%emt 0:01:55]} Bxh3 {[%emt 0:02:05]} 20. Bxh3 {[%emt 0:05:32]} Nxh3+ {[%emt 0:00:01]} 21. Kg2 {[%emt 0:00:19]} Nf4+ {[%emt 0:08:28]} 22. Kh1 {[%emt 0:00:44]} Rfe8 {[%emt 0:21:13]} 23. Qf3 {[%emt 0:00:07]} Rxe4 {[%emt 0:02:21]} 24. Qxe4 {[%emt 0:00:40]} Rd8 {[%emt 0:02:15]} 25. Re1 {[%emt 0:07:37]} Qd7 {[%emt 0:04:58]} 26. Qxf4 {[%emt 0:00:36]} Qh3+ {[%emt 0:03:55]} 27. Kg1 {[%emt 0:00:07]} Rd5 {[%emt 0:00:33]} 28. Re8+ {[%emt 0:03:31]} Kh7 {[%emt 0:00:01]} 29. Re5 {[%emt 0:00:40]} Rxe5 {[%emt 0:01:31]} 30. Qxe5 {[%emt 0:00:08]} Qg4+ {[%emt 0:00:40]} 31. Kh2 {[%emt 0:00:02]} g6 {[%emt 0:00:39]} 32. f3 {[%emt 0:01:56]} Qd7 {[%emt 0:00:24]} 33. Qd6 {[%emt 0:00:47]} Qe8 {[%emt 0:00:40]} 34. Qf4 {[%emt 0:00:19]} Kg8 {[%emt 0:00:51]} 35. Qe4 {[%emt 0:01:49]} Qd7 {[%emt 0:00:26]} 36. f4 {[%emt 0:00:31]} Qg4 {[%emt 0:00:26]} 37. Qf3 {[%emt 0:00:26]} Qd7 {[%emt 0:00:24]} 38. Qf2 {[%emt 0:03:13]} h3 {[%emt 0:00:38]} 39. f5 {[%emt 0:00:32]} Qd5 {[%emt 0:00:33]} 40. fxg6 {[%emt 0:00:00]} fxg6 {[%emt 0:00:00]} 41. Kxh3 {[%emt 0:02:08]} Qxg5 {[%emt 0:01:53]} 42. Qf3 {[%emt 0:09:31]} Qh6+ {[%emt 0:01:00]} 43. Kg3 {[%emt 0:05:20]} Qg5+ {[%emt 0:01:33]} 44. Qg4 {[%emt 0:00:02]} Qe5+ {[%emt 0:00:16]} 45. Kf3 {[%emt 0:02:02]} Qd5+ {[%emt 0:01:08]} 46. Ke3 {[%emt 0:00:29]} Qe5+ {[%emt 0:01:36]} 47. Kd2 {[%emt 0:01:34]} Kg7 {[%emt 0:04:50]} 48. Qe4 {[%emt 0:02:53]} Qh2+ {[%emt 0:02:39]} 49. Qe2 {[%emt 0:02:27]} Qf4+ {[%emt 0:01:07]} 50. Qe3 {[%emt 0:05:19]} Qh2+ {[%emt 0:01:14]} 51. Ne2 {[%emt 0:00:02]} Qc7 {[%emt 0:03:00]} 52. Qd4+ {[%emt 0:02:21]} Kh7 {[%emt 0:00:40]} 53. Qd6 {[%emt 0:00:53]} Qf7 {[%emt 0:00:01]} 54. Qh2+ {[%emt 0:02:04]} Kg7 {[%emt 0:00:39]} 55. Nc3 {[%emt 0:00:35]} g5 {[%emt 0:02:59]} 56. Qe5+ {[%emt 0:00:14]} Kg6 {[%emt 0:00:49]} 57. Ne4 {[%emt 0:01:10]} Qxa2+ {[%emt 0:01:45]} 58. Ke3 {[%emt 0:00:20]} Qg2 {[%emt 0:01:20]} 59. Qf6+ {[%emt 0:00:36]} Kh5 {[%emt 0:00:09]} 60. Qf3+ {[%emt 0:01:36]} Qxf3+ {[%emt 0:00:51]} 61. Kxf3 {[%emt 0:00:02]} b6 {[%emt 0:01:34]} 62. Kg3 {[%emt 0:01:04]} bxc5 {[%emt 0:01:11]} 63. Nxc5 {[%emt 0:00:16]} g4 {[%emt 0:00:09]} 64. Na6 {[%emt 0:01:27]} Kg5 {[%emt 0:00:07]} 65. Nb8 {[%emt 0:00:07]} c5 {[%emt 0:00:44]} 66. bxc5 {[%emt 0:00:48]} Kf6 {[%emt 0:00:37]} 67. c6 {[%emt 0:00:07]} 1-0

[Event "21st Sants Open 2019"]
[Site "Cotxeres de Sants"]
[Date "2019.08.26"]
[Round "4.17"]
[White "Delgadillo Torrico, Felipe"]
[Black "Planella Sanchez, Jordi"]
[Result "1/2-1/2"]
[WhiteElo "1867"]
[BlackElo "1919"]
[Annotator "NA"]
[PlyCount "150"]
[EventDate "2019.08.22"]
[EventType "swiss"]
[EventCountry "ESP"]
[SourceTitle "playchess.com"]
[Source "ChessBase"]
[SourceQuality "1"]
[TimeControl "40/5400+30:1800+30"]

1. d4 {[%emt 0:21:44]} Nf6 {[%emt 0:00:54]} 2. Nf3 {[%emt 0:00:08]} g6 {[%emt 0:02:44]} 3. g3 {[%emt 0:00:14]} Bg7 {[%emt 0:00:10]} 4. Bg2 {[%emt 0:00:05]} O-O {[%emt 0:00:22]} 5. c4 {[%emt 0:00:07]} c6 {[%emt 0:05:15]} 6. O-O {[%emt 0:01:04]} d6 {[%emt 0:02:12]} 7. Nc3 {[%emt 0:00:38]} Qc7 {[%emt 0:02:52]} 8. e4 {[%emt 0:03:27]} e5 {[%emt 0:01:35]} 9. h3 {[%emt 0:03:59]} b6 {[%emt 0:09:49]} 10. Re1 {[%emt 0:01:09]} Bb7 {[%emt 0:00:58]} 11. b3 {[%emt 0:05:26]} Re8 {[%emt 0:12:31]} 12. dxe5 {[%emt 0:05:21]} dxe5 {[%emt 0:10:12]} 13. Qe2 {[%emt 0:02:14]} Na6 {[%emt 0:02:13]} 14. Ba3 {[%emt 0:05:35]} Rad8 {[%emt 0:00:30]} 15. Rad1 {[%emt 0:01:16]} Bf8 {[%emt 0:02:17]} 16. Bxf8 {[%emt 0:05:08]} Kxf8 {[%emt 0:01:24]} 17. Rxd8 {[%emt 0:01:00]} Rxd8 {[%emt 0:00:17]} 18. Rd1 {[%emt 0:00:24]} Rxd1+ {[%emt 0:00:26]} 19. Qxd1 {[%emt 0:00:29]} Nc5 {[%emt 0:00:32]} 20. Ne1 {[%emt 0:02:12]} Qd7 {[%emt 0:01:32]} 21. Qxd7 {[%emt 0:00:28]} Nfxd7 {[%emt 0:01:09]} 22. h4 {[%emt 0:02:03]} Ke7 {[%emt 0:02:15]} 23. Bh3 {[%emt 0:01:49]} Nf8 {[%emt 0:03:53]} 24. f3 {[%emt 0:02:24]} Nce6 {[%emt 0:01:32]} 25. Kf2 {[%emt 0:00:42]} Nd4 {[%emt 0:06:56]} 26. Ke3 {[%emt 0:01:51]} Nfe6 {[%emt 0:00:53]} 27. f4 {[%emt 0:05:10]} f6 {[%emt 0:06:12]} 28. fxe5 {[%emt 0:03:43]} fxe5 {[%emt 0:00:02]} 29. Nd3 {[%emt 0:16:24]} Kd6 {[%emt 0:06:11]} 30. Bg4 {[%emt 0:00:40]} Nc5 {[%emt 0:03:34]} 31. Bd1 {[%emt 0:01:18]} Nxd3 {[%emt 0:00:28]} 32. Kxd3 {[%emt 0:00:12]} Bc8 {[%emt 0:00:12]} 33. Na4 {[%emt 0:02:15]} Be6 {[%emt 0:05:47]} 34. Nb2 {[%emt 0:01:18]} Bd7 {[%emt 0:02:55]} 35. Kc3 {[%emt 0:01:32]} Bh3 {[%emt 0:01:17]} 36. Nd3 {[%emt 0:01:08]} Bf1 {[%emt 0:02:15]} 37. Kd2 {[%emt 0:00:35]} Bxd3 {[%emt 0:00:32]} 38. Kxd3 {[%emt 0:00:09]} Kc5 {[%emt 0:01:04]} 39. Kc3 {[%emt 0:00:30]} a5 {[%emt 0:01:09]} 40. a3 {[%emt 0:00:00]} Kd6 {[%emt 0:00:00]} 41. b4 {[%emt 0:00:38]} axb4+ {[%emt 0:01:05]} 42. axb4 {[%emt 0:00:14]} Ne6 {[%emt 0:02:58]} 43. Kd3 {[%emt 0:03:53]} Ke7 {[%emt 0:02:02]} 44. Ke3 {[%emt 0:00:19]} Kf6 {[%emt 0:00:43]} 45. Bg4 {[%emt 0:11:34]} Nd4 {[%emt 0:01:44]} 46. Kd3 {[%emt 0:00:54]} g5 {[%emt 0:01:36]} 47. h5 {[%emt 0:11:39]} Kf7 {[%emt 0:07:31]} 48. Bd7 {[%emt 0:01:47]} Ke7 {[%emt 0:01:08]} 49. Bg4 {[%emt 0:00:55]} Kf6 {[%emt 0:01:15]} 50. Bc8 {[%emt 0:01:31]} Nb3 {[%emt 0:04:17]} 51. g4 {[%emt 0:01:02]} Nd4 52. Kc3 {[%emt 0:01:05]} h6 {[%emt 0:03:21]} 53. Bd7 {[%emt 0:01:02]} Ke7 {[%emt 0:00:18]} 54. Bf5 {[%emt 0:00:40]} Ne2+ {[%emt 0:00:36]} 55. Kd3 {[%emt 0:01:32]} Nf4+ {[%emt 0:00:08]} 56. Ke3 {[%emt 0:00:44]} Kd6 {[%emt 0:00:06]} 57. Kd2 {[%emt 0:00:41]} Kc7 {[%emt 0:00:19]} 58. Kc2 {[%emt 0:00:20]} Kb7 {[%emt 0:00:13]} 59. Kb3 {[%emt 0:00:10]} Nh3 {[%emt 0:00:08]} 60. Kc3 {[%emt 0:00:49]} Nf2 {[%emt 0:00:11]} 61. Kd2 {[%emt 0:00:24]} Ka6 {[%emt 0:00:57]} 62. Bc8+ {[%emt 0:00:09]} Ka7 {[%emt 0:00:04]} 63. Bf5 {[%emt 0:00:08]} Kb7 {[%emt 0:00:20]} 64. Ke2 {[%emt 0:00:14]} Nh3 {[%emt 0:00:10]} 65. Ke3 {[%emt 0:00:23]} Nf4 {[%emt 0:00:38]} 66. Kd2 {[%emt 0:00:32]} Kc7 {[%emt 0:00:10]} 67. Ke3 {[%emt 0:00:51]} Kd6 {[%emt 0:01:15]} 68. Kd2 {[%emt 0:00:26]} Ng2 {[%emt 0:01:01]} 69. Ke2 {[%emt 0:00:22]} Kc7 {[%emt 0:00:37]} 70. Kf2 {[%emt 0:01:02]} Nf4 {[%emt 0:00:17]} 71. Ke3 {[%emt 0:00:08]} Kb7 {[%emt 0:01:22]} 72. Kd2 {[%emt 0:00:23]} Ka7 {[%emt 0:00:17]} 73. Ke3 {[%emt 0:00:09]} Kb7 {[%emt 0:00:32]} 74. Kd2 {[%emt 0:00:10]} c5 {[%emt 0:00:16]} 75. b5 {[%emt 0:01:45]} Kc7 {[%emt 0:00:35]} 1/2-1/2